[Event "The American Cup | Group A 2023"]
[Site "Chess.com"]
[Date "2023.03.20"]
[Round "6"]
[White "Dominguez Perez, Leinier"]
[Black "Nakamura, Hikaru"]
[Result "0-1"]
[WhiteElo "2743"]
[BlackElo "2768"]
[EventDate "2023.??.??"]
[Annotator "rafael"]
[PlyCount "98"]
[Beauty "7010195873296"]
[EventType "schev"]
[EventRounds "3"]
[TimeControl "5400+30"]

1.e4 c5 2.Nf3 Nc6 3.d4 cxd4 4.Nxd4 e5 {A risky variation that shows that Nakamura was willing to play for the win with Black. This choice certainly surprised his opponent, who was probably expecting the Berlin.} 5.Nb5 d6 6.N1c3 ( 6.c4 {is a more positional choice.} ) 6...a6 7.Na3 Be6 ( 7...Be7 {In the only Nakamura game I found in this line, this is the move played.} 8.Nc4 b5 9.Ne3 {Neeloptal-Nakamura, Isle of Man 2017.} ) 8.Nc4 Rb8 {This mysterious move is a specialty of GM Maghsoodloo. I won't pretend to understand the idea. Let's say it's a kind of super protection to play b7-b5 at some point.} 9.Nd5 Bxd5 10.exd5 Nce7 11.g3 ( 11.g4 {During the interview, Nakamura commented that this is the computer's suggestion and that it's the best move. I agree with him that it's impossible for a human to play like this without knowing the move beforehand. In my case, I wouldn't play this even knowing it's the computer's recommendation $1 But a braver player tried it ... and lost. Garrido Outon-Lobanov, Vrnjacka Banja 2023.} ) 11...b5 12.Ne3 g6 13.a4 Nf6 ( 13...Bh6 $1 {[%c_effect h6;square;h6;type;GreatFind;persistent;true] is more accurate.} ) 14.axb5 ( 14.c4 $1 {[%c_effect c4;square;c4;type;GreatFind;persistent;true] It seems this is the best move for White to fight for an advantage. The bishop is still useful on f1, pointing to the queenside.} ) 14...axb5 15.Bg2 Bh6 16.O-O O-O 17.Qd3 Nd7 {With the knight going to c5 and the pawns on the kingside ready to roll, Black has a fine position.} 18.Bd2 Nc5 ( 18...f5 {The immediate advance is also possible.} ) 19.Qe2 Qc7 ( 19...b4 $1 {[%c_effect b4;square;b4;type;GreatFind;persistent;true] This move secures the c5-square for the knight.} ) 20.b4 {A natural move, but placing the bishop on this square is also interesting.} ( 20.Bb4 $5 {[%c_effect b4;square;b4;type;Interesting;persistent;true] White's idea is to play 21.Ra5 and attack the b5-pawn or double the rooks on the a-file.} ) 20...Nd7 21.Ra5 Bxe3 $1 {[%c_effect e3;square;e3;type;GreatFind;persistent;true] A very difficult move to make; after all, exchanging this dark-squared bishop is a pain in the chest. Now we have a nice fight between a pair of bishops and a pair of knights. The capture is necessary for the black knights to start jumping.} 22.Bxe3 Nf5 {This is the point.} 23.Ra7 ( 23.Rxb5 {Nakamura mentioned that he expected this move. I think he has more compensation than he believed after} 23...Nxe3 24.fxe3 Nb6 {If Black manages to play f5-e4, the bishop is shut out from the game and White's pawns are weak.} ) 23...Rb7 24.Rxb7 Qxb7 25.Bd2 Ra8 26.Qd3 Ra2 27.Rd1 Nf6 28.Bg5 Kg7 29.Bh3 {Both players demonstrate their high class. The position remains balanced.} 29...Nd4 $1 {[%c_effect d4;square;d4;type;GreatFind;persistent;true] Nakamura takes his knight on a strange journey.} ( 29...Ne7 {is worse, although the computer is not afraid to dance with the king after} 30.Bxf6+ Kxf6 31.f4 Qa7+ 32.Kh1 exf4 $1 {[%c_effect f4;square;f4;type;GreatFind;persistent;true]} 33.Qc3+ Kg5 ) 30.c3 Nc2 $1 {[%c_effect c2;square;c2;type;GreatFind;persistent;true] The knight appears to be in danger, but it prepares to go to c4. Another route is also possible, as we will see shortly.} 31.Qf3 ( 31.Rd2 {White's best option is to repeat moves with this move, but the position is difficult to assess, and perhaps Dominguez Perez was playing to win.} 31...Ra1+ 32.Rd1 Ra2 ( 32...Rxd1+ {is also possible.} 33.Qxd1 Na3 34.Qc1 $1 {[%c_effect c1;square;c1;type;GreatFind;persistent;true]} 34...Nc4 35.Bh6+ Kg8 36.Qg5 Qe7 {with an equal position.} ) 33.Rd2 ) 31...Ng8 $1 {[%c_effect g8;square;g8;type;GreatFind;persistent;true] Remember this move.} 32.Bf1 Ra3 $5 {[%c_effect a3;square;a3;type;Interesting;persistent;true] Instead of taking the knight to c4, Nakamura decides to create the tactical threat of capturing on b4. His pieces are clumsy on the queenside, but his calculation skill is so great that everything works.} ( 32...Na3 ) 33.Bc1 ( 33.Qd3 {leads to an equal position.} 33...Nxb4 34.Qb1 Na6 35.Qb2 Ra5 36.Bd8 $1 {[%c_effect d8;square;d8;type;GreatFind;persistent;true] This is the detail: the b5-pawn falls.} 36...Ra4 37.Qxb5 Qxb5 38.Bxb5 Ra2 {with a likely draw.} ) 33...Rb3 34.Qe4 $6 {[%c_effect e4;square;e4;type;Inaccuracy;persistent;true] White's problems will begin now.} ( 34.Qd3 {There's a nice drawing line here:} 34...Nxb4 35.Qd2 $1 {[%c_effect d2;square;d2;type;GreatFind;persistent;true]} 35...Na6 36.Qc2 Nc5 37.Be3 b4 $1 {[%c_effect b4;square;b4;type;GreatFind;persistent;true]} 38.cxb4 ( 38.Bxc5 $2 {[%c_effect c5;square;c5;type;Mistake;persistent;true]} 38...Rxc3 ) 38...Rxb4 ( 38...Qxb4 $2 {[%c_effect b4;square;b4;type;Mistake;persistent;true]} 39.Bxc5 dxc5 40.d6 ) 39.Bxc5 dxc5 40.Qxc5 Qb6 41.Qxb6 Rxb6 42.d6 Rb8 {The game should end in a draw.} ) 34...Rxc3 35.Bb2 Nf6 36.Qh4 $2 {[%c_effect h4;square;h4;type;Mistake;persistent;true]} ( 36.Qe2 {is better.} ) 36...Rb3 $6 {[%c_effect b3;square;b3;type;Inaccuracy;persistent;true]} ( 36...Rf3 $1 {[%c_effect f3;square;f3;type;GreatFind;persistent;true] leads to a beautiful victory. Black has the tactical theme of sacrificing the rook on f2 or winning the white queen with Rf5-h5.} 37.Be2 ( 37.Rd2 Rf5 $5 {[%c_effect f5;square;f5;type;Interesting;persistent;true]} 38.Rxc2 Rh5 {The queen is trapped.} ) ( 37.Bg2 Rxf2 $1 {[%c_effect f2;square;f2;type;GreatFind;persistent;true]} 38.Kxf2 Qa7+ 39.Ke2 Qa2 {with a winning attack.} ) 37...Rxf2 $1 {[%c_effect f2;square;f2;type;GreatFind;persistent;true]} 38.Kxf2 Qa7+ 39.Kg2 Ne3+ 40.Kf3 Nxd1 41.Bxd1 Qg1 {There's no defense against the attack. That's why they say a queen and knight work so well $1} ) 37.Bc1 Ng8 $1 {[%c_effect g8;square;g8;type;GreatFind;persistent;true] Again the Ng8 move. Black's king is well protected.} 38.Qd8 Qe7 39.Qa5 ( 39.Bg5 Qxd8 40.Bxd8 Kf8 $1 {[%c_effect f8;square;f8;type;GreatFind;persistent;true]} 41.Bxb5 Rxb4 {Black is a pawn up and has excellent winning chances.} ) 39...Nd4 40.Be3 Nf3+ 41.Kg2 Qf6 42.Be2 e4 43.Qxb5 Qb2 $2 {[%c_effect b2;square;b2;type;Mistake;persistent;true]} ( 43...Rxe3 $3 {[%c_effect e3;square;e3;type;Brilliant;persistent;true] This wins nicely after} 44.fxe3 Nh6 $1 {[%c_effect h6;square;h6;type;GreatFind;persistent;true] They say a queen and knight are dangerous; now imagine if there are two knights on the attack $1 No wonder White has no way out. Giving back material brings no relief:} 45.Rf1 Ng4 46.Rxf3 exf3+ 47.Bxf3 Nxe3+ 48.Kf2 Qd4 {with a winning position.} ) 44.Qa6 $2 {[%c_effect a6;square;a6;type;Mistake;persistent;true]} ( 44.Bf4 $1 {[%c_effect f4;square;f4;type;GreatFind;persistent;true] gives excellent saving chances.} 44...Rxb4 ( 44...Nd4 45.Rxd4 $1 {[%c_effect d4;square;d4;type;GreatFind;persistent;true]} 45...Qxd4 46.Bxd6 {and anything can happen.} ) 45.Qa6 Rb6 46.Qc4 ) 44...Nf6 45.h3 h5 $1 {[%c_effect h5;square;h5;type;GreatFind;persistent;true] The pawn goes to h4, helping the attack.} 46.Kf1 Qe5 $1 {[%c_effect e5;square;e5;type;GreatFind;persistent;true]} 47.Kg2 Rxe3 $1 {[%c_effect e3;square;e3;type;GreatFind;persistent;true] A nice finish.} 48.fxe3 h4 49.gxh4 ( 49.Bxf3 Qxg3+ 50.Kf1 exf3 {wins easily.} ) 49...Qh2+ ( 49...Qh2+ 50.Kf1 Qg1# ) 0-1

[Event "The American Cup | Group A 2023"]
[Site "Chess.com"]
[Date "2023.03.21"]
[Round "13"]
[White "Caruana, Fabiano"]
[Black "Aronian, Levon"]
[Result "0-1"]
[WhiteElo "2766"]
[BlackElo "2745"]
[EventDate "2023.??.??"]
[Annotator "rafael"]
[PlyCount "56"]
[Beauty "8249558440997"]
[EventType "schev"]
[EventRounds "3"]

1.c4 Nf6 2.Nf3 e6 3.g3 d5 4.d3 {A rare move, although later, the game will transpose to a better-known position.} 4...Be7 ( 4...dxc4 {is a typical move. The game is even after} 5.Qa4+ Bd7 6.Qxc4 c5 7.Ne5 Nc6 8.Nxd7 Qxd7 9.Bg2 ) 5.Bg2 O-O 6.O-O c5 7.Ne5 {Another rare move.} ( 7.cxd5 exd5 8.d4 {Interestingly, White will have a version of the Tarrasch Defense a tempo down, so I suppose Black gets a good game here.} ) 7...Qc7 8.f4 Nbd7 ( 8...Rd8 {was played in Makarian-Lazavik, Titled Tuesday 2023.} ) 9.Nxd7 Bxd7 10.e4 dxe4 11.dxe4 Bc6 12.Nc3 a6 13.Qe2 Rfd8 ( 13...b5 $5 {[%c_effect b5;square;b5;type;Interesting;persistent;true] It's natural to go for this kind of counterplay immediately. Accepting the pawn is not good for White.} 14.e5 ( 14.cxb5 $2 {[%c_effect b5;square;b5;type;Mistake;persistent;true]} 14...axb5 15.Nxb5 Bxb5 16.Qxb5 c4 {The white queen is uncomfortable on b5.} ) 14...Bxg2 15.Kxg2 Nd7 16.cxb5 axb5 17.Nxb5 Qc6+ {Black seems to get decent counterplay for the pawn. It looks better than the Benko Gambit.} ) 14.g4 ( 14.a4 $1 {[%c_effect a4;square;a4;type;GreatFind;persistent;true] is better, avoiding b7-b5.} ) 14...h6 ( 14...b5 $1 {[%c_effect b5;square;b5;type;GreatFind;persistent;true] Again this looks like the best chance for counterplay.} 15.g5 Nd7 16.cxb5 $6 {[%c_effect b5;square;b5;type;Inaccuracy;persistent;true]} 16...axb5 17.Nxb5 Bxb5 18.Qxb5 c4 {with excellent compensation.} ) 15.h4 ( 15.g5 {Is possible. The game is unclear after} 15...hxg5 16.fxg5 Nh7 ) 15...h5 $5 {[%c_effect h5;square;h5;type;Interesting;persistent;true] This is a typical device in the Sicilian Defense when White starts advancing the kingside pawns. But usually, the rook is still on h8 when this is played so that the pawn can be recaptured. A very creative idea by Aronian.} 16.gxh5 ( 16.g5 $2 {[%c_effect g5;square;g5;type;Mistake;persistent;true]} 16...Ng4 ) 16...b5 $6 {[%c_effect b5;square;b5;type;Inaccuracy;persistent;true]} ( 16...Kh8 $5 {[%c_effect h8;square;h8;type;Interesting;persistent;true] The computer suggests this subtle idea so that the knight can go back to g8. It's impossible to think about such details in a blitz game.} 17.e5 Ng8 $1 {[%c_effect g8;square;g8;type;GreatFind;persistent;true] This is the point. The knight can go to h6 and then f5.} ) 17.h6 $6 {[%c_effect h6;square;h6;type;Inaccuracy;persistent;true]} ( 17.e5 $1 {[%c_effect e5;square;e5;type;GreatFind;persistent;true] is the right way to play. White's knight can go to e4 now, while its counterpart is forced to move into a passive position.} 17...Ne8 18.h6 {with a much better version of the game.} ) 17...b4 $1 {[%c_effect b4;square;b4;type;GreatFind;persistent;true] Now the knight has to go back.} 18.Nd1 g6 19.Bf3 Kh7 20.Nf2 Nh5 $1 {[%c_effect h5;square;h5;type;GreatFind;persistent;true] An excellent pawn sacrifice.} 21.Bxh5 gxh5 22.Qxh5 Rg8+ 23.Kh2 Rg6 {Black has a promising position, with the light-squared bishop playing an important role. White's king is in danger.} 24.Be3 Rf8 {Defending the f7-pawn so that the h6-pawn can be captured.} 25.Qf3 $2 {[%c_effect f3;square;f3;type;Mistake;persistent;true]} ( 25.Rg1 {Is necessary, although not pretty.} 25...Rxh6 26.Qe5 Rxh4+ 27.Kg3 {Black's position is better, but White fights for equality. Not a good prospect since Caruana had to win the game.} ) 25...f5 $1 {[%c_effect f5;square;f5;type;GreatFind;persistent;true]} 26.h5 Rxh6 27.Rg1 Be8 $1 {[%c_effect e8;square;e8;type;GreatFind;persistent;true] The h5-pawn falls, and Black is winning.} 28.Rg3 Bxh5 0-1